Biggest City in Every Country by Letter - B - Statistics

General Stats
  • This quiz has been taken 32 times
  • The average score is 44 of 103
Answer Stats
Country Population Answer % Correct
Iraq 8,370,410 Baghdad
97%
Azerbaijan 2,529,070 Baku
97%
Thailand 11,543,900 Bangkok
97%
Serbia 1,415,010 Belgrade
97%
Germany 3,584,240 Berlin
97%
Sierra Leone 174,354 Bo
97%
Australia 2,599,740 Brisbane
97%
Belgium 2,150,320 Brussels
97%
Argentina 15,890,600 Buenos Aires
97%
Mali 3,318,010 Bamako
94%
Spain 5,752,150 Barcelona
94%
Lebanon 2,359,130 Beirut
94%
Brazil 6,401,500 Belo Horizonte
94%
Norway 285,601 Bergen
94%
Kyrgyzstan 1,175,290 Bishkek
94%
Colombia 11,922,100 Bogotá
94%
Republic of the Congo 2,904,570 Brazzaville
94%
Czech Republic 381,161 Brno
94%
Romania 1,749,920 Bucharest
94%
Hungary 1,783,650 Budapest
94%
China 22,983,400 Beijing
90%
United Kingdom 2,724,410 Birmingham
90%
France 1,025,990 Bordeaux
90%
Central African Republic 1,048,770 Bangui
87%
Belize 61,461 Belize City
87%
Italy 821,709 Bologna
87%
Slovakia 444,962 Bratislava
87%
South Korea 3,492,730 Busan
87%
Gambia 526,872 Banjul
84%
Switzerland 583,088 Basel
84%
India 14,771,700 Bengaluru
84%
Guinea-Bissau 731,866 Bissau
84%
United States 667,137 Boston
84%
Barbados 88,529 Bridgetown
81%
Brunei 100,700 Bandar Seri Begawan
74%
South Africa 628,850 Bloemfontein
74%
Nigeria 2,120,460 Benin City
68%
Belarus 371,715 Brest
68%
Libya 650,629 Benghazi
65%
Burundi 1,426,040 Bujumbura
65%
Turkey 2,168,130 Bursa
52%
Georgia 121,806 Batumi
45%
Bulgaria 200,271 Burgas
42%
Poland 337,052 Bydgoszcz
42%
Bosnia and Herzegovina 221,106 Banja Luka
39%
Portugal 121,394 Braga
39%
Netherlands 167,673 Breda
35%
Zimbabwe 682,123 Bulawayo
35%
Equatorial Guinea 531,573 Bata
32%
Mozambique 692,459 Beira
32%
Malawi 584,877 Blantyre
32%
Venezuela 1,295,700 Barquisimeto
29%
Canada 833,365 Brampton
29%
Israel 209,687 Beersheba
26%
Indonesia 4,015,740 Bekasi
26%
Angola 913,769 Benguela
26%
Burkina Faso 1,304,020 Bobo-Dioulasso
26%
North Macedonia 86,528 Bitola
23%
Sweden 71,700 Borås
23%
Moldova 125,000 Bălți
19%
Iran 702,281 Bandar Abbas
19%
Democratic Republic of the Congo 1,431,660 Bukavu
19%
Russia 642,827 Barnaul
16%
Vietnam 1,272,235 Biên Hòa
16%
Pakistan 995,494 Bahawalpur
13%
Cameroon 657,875 Bamenda
13%
Tunisia 115,268 Bizerte
13%
Uzbekistan 247,644 Bukhara
13%
Cambodia 150,444 Battambang
10%
Ukraine 199,163 Bila Tserkva
10%
Algeria 546,792 Blida
10%
Ivory Coast 654,242 Bouaké
10%
Saudi Arabia 752,796 Buraydah
10%
Ethiopia 168,899 Bahir Dar
6%
Turkmenistan 87,822 Balkanabat
6%
Afghanistan 114,883 Balkh
6%
Cuba 192,632 Bayamo
6%
Japan 125,065 Beppu
6%
Bangladesh 1,014,990 Bogra
6%
Benin 125,092 Bohicon
6%
Tanzania 144,938 Bukoba
6%
Ecuador 90,191 Babahoyo
3%
Somalia 1,200,000 Baidoa
3%
Togo 61,845 Bassar
3%
Sri Lanka 86,742 Batticaloa
3%
Oman 159,487 Bawshar
3%
Mauritius 111,355 Beau Bassin-Rose Hill
3%
Morocco 166,399 Beni Mellal
3%
Ghana 62,364 Berekum
3%
Niger 63,169 Birni-N'Konni
3%
Nicaragua 58,633 Bluefields
3%
Mexico 206,081 Buenavista
3%
Kenya 55,962 Bungoma
3%
Rwanda 89,600 Butare
3%
Myanmar 244,376 Bago
0%
Kazakhstan 81,364 Balqash
0%
Peru 58,749 Barranca
0%
Malaysia 156,236 Batu Pahat
0%
Nepal 182,324 Biratnagar
0%
Dominican Republic 73,269 Bonao
0%
Philippines 1,273,715 Budta
0%
Chile 55,441 Buin
0%
Uganda 79,157 Bwizibwera
0%
No matching quizzes found
Score Distribution
Percent of People with Each Score
Percentile by Number Answered
Your Score History
You have not taken this quiz